[Event "GER-chT Lands U20"]
[Site "Berlin"]
[Date "2020.10.03"]
[Round "6.8"]
[White "Chassard, Cecilia"]
[Black "Ottlik, Marie"]
[Result "0-1"]
[WhiteElo "980"]
[BlackElo "1454"]
[PlyCount "114"]
[EventDate "2020.09.29"]
[EventType "team-swiss"]
[EventRounds "7"]
[EventCountry "GER"]
[SourceTitle "CBM 198 Extra"]
[Source "ChessBase"]
[SourceDate "2020.11.30"]
[SourceVersion "1"]
[SourceVersionDate "2020.11.30"]
[SourceQuality "1"]
[WhiteTeam "Saarland U20"]
[BlackTeam "Sachsen U20"]
[WhiteTeamCountry "GER"]
[BlackTeamCountry "GER"]

1. e4 d5 2. exd5 Nf6 3. Nf3 Nxd5 4. Bc4 Nb6 5. Bb3 Bf5 6. 0-0 e6 7. Re1 Be7 8. d4 0-0 9. Nc3 Nc6 10. d5 Nb4 11. a3 N4xd5 12. Nxd5 Nxd5 13. Bxd5 exd5 14. Re5 Be4 15. c4 Bf6 16. Rh5 dxc4 17. Bg5 Bxg5 18. Nxg5 Bg6 19. Rh4 Qxg5 20. Rg4 Qd8 21. Rxc4 Qxd1+ 22. Rxd1 Rad8 23. Re1 Rfe8 24. Rxe8+ Rxe8 25. h3 c6 26. Rb4 b5 27. Rb3 f6 28. Rc3 Re6 29. g4 Rd6 30. a4 a6 31. axb5 axb5 32. Ra3 Rd1+ 33. Kh2 Be4 34. Ra8+ Kf7 35. Ra7+ Kg6 36. Re7 Bd5 37. f4 f5 38. Kg3 Kf6 39. Re5 fxg4 40. hxg4 Rg1+ 41. Kf2 Rxg4 42. Ke3 g5 43. Re8 gxf4+ 44. Kf2 Kf7 45. Re5 Kf6 46. Re2 Rg2+ 47. Kf1 Rxe2 48. Kxe2 f3+ 49. Kf1 c5 50. b4 cxb4 51. Kf2 b3 52. Ke1 b2 53. Kd1 b1Q+ 54. Kd2 Qb2+ 55. Kd1 Qe2+ 56. Kc1 f2 57. Kb1 f1Q# 0-1

[Event "GER-ch U10 Girls"]
[Site "Willingen"]
[Date "2018.05.25"]
[Round "10"]
[White "Stepanjan, Marianne"]
[Black "Ottlik, Marie"]
[Result "0-1"]
[WhiteElo "1246"]
[BlackElo "1190"]
[PlyCount "132"]
[EventDate "2018.05.19"]
[EventType "swiss"]
[EventRounds "11"]
[EventCountry "GER"]
[SourceTitle "CBM 184 Extra"]
[Source "ChessBase"]
[SourceDate "2018.06.28"]
[SourceVersion "1"]
[SourceVersionDate "2018.06.28"]
[SourceQuality "1"]

1. e4 d5 2. exd5 Nf6 3. d4 Nxd5 4. c4 Nb6 5. Nc3 g6 6. Nf3 Bg7 7. Bf4 0-0 8. Be2 c6 9. Qd2 Bg4 10. c5 Nd5 11. Ne5 Bxe2 12. Nxe2 Nxf4 13. Qxf4 Nd7 14. Rd1 Nxe5 15. dxe5 Qa5+ 16. Nc3 Qxc5 17. 0-0 Qxe5 18. Qxe5 Bxe5 19. Rd7 Bf6 20. Rxb7 Rfb8 21. Rc7 Rxb2 22. Rc1 Bxc3 23. Rxc6 Bd4 24. R6c2 Rxc2 25. Rxc2 Rb8 26. g3 Rb1+ 27. Kg2 Rb2 28. Rc8+ Kg7 29. Rc4 Rxf2+ 30. Kh3 Bb6 31. a4 Rd2 32. Rc1 Rd4 33. Ra1 Rd5 34. Re1 e6 35. Ra1 Ra5 36. Ra2 f5 37. Kg2 Kf6 38. Kf3 e5 39. h4 e4+ 40. Ke2 Bc7 41. Kf2 e3+ 42. Kf3 Re5 43. Re2 Bb6 44. g4 fxg4+ 45. Kxg4 Re4+ 46. Kg3 Rxa4 47. Kh3 Rd4 48. Kg3 Rd2 49. Re1 a5 50. Kf3 a4 51. Ke4 a3 52. Rf1+ Rf2 53. Re1 a2 54. Kd3 Rd2+ 55. Ke4 e2 56. Kf3 Rd1 57. Kxe2 Rxe1+ 58. Kxe1 a1Q+ 59. Kd2 Qa3 60. h5 Ke5 61. hxg6 hxg6 62. Ke2 Qc3 63. Kf1 Qc2 64. Ke1 Ke4 65. Kf1 Kf3 66. Ke1 Qe2# 0-1

[Event "GER-ch U10 Girls"]
[Site "Willingen"]
[Date "2017.06.07"]
[Round "6"]
[White "Peglau, Charis"]
[Black "Ottlik, Marie"]
[Result "1-0"]
[WhiteElo "1381"]
[BlackElo "1013"]
[PlyCount "69"]
[EventDate "2017.06.04"]
[EventType "swiss"]
[EventRounds "11"]
[EventCountry "GER"]
[SourceTitle "CBM 178 Extra"]
[Source "ChessBase"]
[SourceDate "2017.06.22"]
[SourceVersion "1"]
[SourceVersionDate "2017.06.22"]
[SourceQuality "1"]

1. e4 d5 2. exd5 Qxd5 3. Nc3 Qd6 4. d4 Nf6 5. Bc4 a6 6. a4 Nbd7 7. Nge2 e6 8. Bf4 Qb6 9. 0-0 Be7 10. Re1 0-0 11. Bb3 c5 12. a5 Qa7 13. d5 exd5 14. Bxd5 Nxd5 15. Nxd5 Bf6 16. Bd6 Rd8 17. Nc7 Bxb2 18. Rb1 Bf6 19. Nxa8 Qxa8 20. Qd5 Qa7 21. Bc7 Re8 22. Bb6 Re5 23. Qxe5 Bxe5 24. Bxa7 c4 25. Nc3 Bxc3 26. Re8+ Nf8 27. Bc5 g6 28. Rxf8+ Kg7 29. Rxc8 Bxa5 30. Rxb7 Bc3 31. Rf8 a5 32. Rbxf7+ Kh6 33. Be3+ Kh5 34. Rxh7+ Kg4 35. h3# 1-0

[Event "GER-ch U10 Girls"]
[Site "Willingen"]
[Date "2017.06.05"]
[Round "4"]
[White "Voigt, Anastasia"]
[Black "Ottlik, Marie"]
[Result "1/2-1/2"]
[WhiteElo "1181"]
[BlackElo "1013"]
[PlyCount "154"]
[EventDate "2017.06.04"]
[EventType "swiss"]
[EventRounds "11"]
[EventCountry "GER"]
[SourceTitle "CBM 178 Extra"]
[Source "ChessBase"]
[SourceDate "2017.06.22"]
[SourceVersion "1"]
[SourceVersionDate "2017.06.22"]
[SourceQuality "1"]

1. e4 e5 2. Nf3 Nc6 3. Bc4 Bc5 4. c3 Nf6 5. d4 exd4 6. e5 d5 7. Bb5 Ne4 8. cxd4 Bb6 9. Be3 a6 10. Bxc6+ bxc6 11. 0-0 Bg4 12. h3 Be6 13. Nc3 Nxc3 14. bxc3 0-0 15. Qd3 Qd7 16. Ng5 Bf5 17. Qd2 h6 18. Nf3 Qe6 19. Bf4 c5 20. a4 a5 21. Bg3 c4 22. Nh2 c5 23. f4 cxd4 24. cxd4 Qg6 25. Ra3 Bd3 26. Rf3 Bxd4+ 27. Bf2 Bxf2+ 28. Kxf2 Qb6+ 29. Kg3 Qb4 30. Ra2 Qxd2 31. Rxd2 f6 32. Re3 d4 33. Re1 Rab8 34. Nf3 Rb1 35. Rxb1 Bxb1 36. Rxd4 c3 37. Rc4 c2 38. Ne1 fxe5 39. fxe5 Re8 40. Nxc2 Bxc2 41. Rxc2 Rxe5 42. Rc4 Re3+ 43. Kf4 Rb3 44. Rc5 g5+ 45. Kf5 Rb2 46. Kg6 Rb6+ 47. Kf5 Ra6 48. g3 Kf7 49. Rc7+ Ke8 50. Rc5 Kd7 51. Ke5 Re6+ 52. Kd4 Rd6+ 53. Kc4 Rc6 54. Kb5 Rxc5+ 55. Kxc5 Kc7 56. Kb5 Kb7 57. Kxa5 Ka7 58. Kb5 Kb7 59. a5 Ka7 60. Kc5 Ka6 61. Kd6 Kxa5 62. Ke5 Kb5 63. Kf5 Kc5 64. Kg6 Kd5 65. Kxh6 g4 66. h4 Ke4 67. Kg5 Kf3 68. h5 Kxg3 69. h6 Kf3 70. h7 g3 71. h8Q g2 72. Qh3+ Kf2 73. Qh4+ Kf3 74. Qh3+ Kf2 75. Kf4 g1Q 76. Qe3+ Kf1 77. Qxg1+ Kxg1 1/2-1/2

[Event "GER-ch U10 Girls"]
[Site "Willingen"]
[Date "2017.06.04"]
[Round "2"]
[White "Fischer, Darja"]
[Black "Ottlik, Marie"]
[Result "1-0"]
[WhiteElo "1196"]
[BlackElo "1013"]
[PlyCount "95"]
[EventDate "2017.06.04"]
[EventType "swiss"]
[EventRounds "11"]
[EventCountry "GER"]
[SourceTitle "CBM 178 Extra"]
[Source "ChessBase"]
[SourceDate "2017.06.22"]
[SourceVersion "1"]
[SourceVersionDate "2017.06.22"]
[SourceQuality "1"]

1. e4 e5 2. Nf3 Nc6 3. Nc3 Bc5 4. Nxe5 Nxe5 5. d4 Bd6 6. dxe5 Bxe5 7. Bc4 Nf6 8. 0-0 d6 9. Be3 Be6 10. Bb3 0-0 11. f4 Bxc3 12. bxc3 Bxb3 13. cxb3 Re8 14. Qf3 d5 15. e5 Ne4 16. c4 Nc3 17. Bd4 Ne4 18. cxd5 Qxd5 19. Rad1 Rad8 20. Bb2 Nd2 21. Qc3 Rd7 22. e6 Qd4+ 23. Qxd4 Rxd4 24. Bxd4 Nxf1 25. Rxf1 Rxe6 26. Rf3 Re2 27. a4 Ra2 28. Re3 Ra1+ 29. Kf2 Ra2+ 30. Kf3 f5 31. Re7 Ra3 32. Rxg7+ Kf8 33. Rxc7 Rxb3+ 34. Rc3 Rb4 35. Bc5+ Kf7 36. Bxb4 a6 37. Rc7+ Kg6 38. Rxb7 h5 39. Rb6+ Kf7 40. Rxa6 Kg7 41. Rb6 h4 42. a5 Kf7 43. a6 h3 44. gxh3 Ke8 45. a7 Kd7 46. a8Q Kc7 47. Qa7+ Kd8 48. Rb8# 1-0